000 00373nam a2200145Ia 4500
008 210210b1966 xxu||||| |||| 00| 0 eng d
082 _a793.3K SIML
100 _aSIMHABHUPALA.
245 _aLasyaramjanam.
260 _aMaisuru.
_bMaisuru Vishvavidyanilaya.,
_c1966
300 _alxxiv(a),412
650 _aDance, Natya Nartana
690 _aThe Arts
906 _a032852
999 _c83980
_d83980